Sočinenija kn. 13. Istorija Rossii s drevnejšich vremen t. 25-26

Bibliographic Details
Main Author: Soloviev, Sergej Michajlovič (Author)
Format: Book
Language:Russian
PhysicalDescription:621 s. 22 cm
Published: Moskva Mysl' 1994
ISBN:5244000756
5244006533
Subjects:

MARC

LEADER 00000nam a2200000 a 4500
001 vtls001183395
003 SK-MaSNL
005 20260301233935.0
008 251124s1994 RU 0 rus
020 |a 5244000756 
020 |a 5244006533  |c [200,00] 
035 |a SNK000126448 
040 |a SNK  |b slo  |c SNK  |e AACR2 
044 |a RU 
080 |a 947  |2 1981 
100 1 |a Soloviev, Sergej Michajlovič  |4 aut  |9 292537 
245 1 |a Sočinenija  |n kn. 13.  |p Istorija Rossii s drevnejšich vremen  |n t. 25-26  |c S.M. Solov'jev 
260 |a Moskva  |b Mysl'  |c 1994 
300 |a 621 s.  |c 22 cm 
650 0 7 |a Rusko  |2 SNK  |9 162943 
919 |a 5-244-00075-6 
919 |a 5-244-00653-3 
999 |c 968211  |d 970141 
952 |t P60, <04>, [BOOK], {603}  |a SNK  |b SNK  |y VYP  |7 0  |p 17A0001202  |o snkIC 113103/13/25-26  |i snkV 503/96  |0 0  |1 0  |4 0  |d 1996-03-14  |l 0  |r 2005-01-01 00:00:00  |w 2026-02-24